Círculo matemático Moscou: problemas semana-a-semana (Record no. 120493)

MARC details
000 -LÍDER
campo de controle de tamanho fixo 01733 a2200205 4500
001 - NÚMERO DE CONTROLE
campo de controle 120493
020 ## - ISBN - INTERNATIONAL STANDARD BOOK NUMBER
ISBN - International Standard Book Number 9788524404191
040 ## - FONTE DA CATALOGAÇÃO
Instituição que transcreveu o registro Escola Canadense de Niteroi
090 ## - NÚMERO DE CHAMADA LOCAL
Número de chamada (OCLC) (R); Número de chamada, CALL (RLIN) (NR) DOR
100 ## - ENTRADA PRINCIPAL--NOME PESSOAL
Nome pessoal Dorichenko, Sergey
245 10 - TÍTULO
Título Círculo matemático Moscou: problemas semana-a-semana
250 ## - EDIÇÃO
Edição 1. ed.
260 ## - PUBLICAÇÃO, DISTRIBUIÇÃO, ETC.
Local de publicação, distribuição, etc. Rio de Janeiro
300 ## - DESCRIÇÃO FÍSICA
Outros detalhes físicos il.
362 0# - DATAS DE PUBLICAÇÃO E/OU DESIGNAÇÃO SEQUENCIAL
Datas de publicação e/ou designação sequencial 2019
490 0# - TÍTULO DA SÉRIE
Título da série Círculos Matemáticos
520 ## - NOTA DE RESUMO, ETC
Resumo, etc. Moscou tem uma rica tradição de círculos matemáticos, ao ponto de ser modelo para muitos outros círculos matemáticos. Este livro apresenta materiais empregados no curso anual de um círculo matemático organizado pela Faculdade de Matemática da Universidade Estatal de Moscou. É também usado pela Escola de Moscou Número 57, que atrai matemáticos.. Cada conjunto de problemas tem uma estrutura similar: combina revisões de tópicos anteriores com a introdução de um tópico novo, apresentando problemas em níveis crescentes de dificuldade. Este método bastante testado tem provado sua eficácia em engajar estudantes, bem como em ajudá-los a dominar novos assuntos, tendo como base conhecimentos prévios.A introdução descreve em detalhes como funcionam os círculos matemáticos na Universidade Estatal de Moscou. Dorichenko descreve como as sessões iniciais diferem das posteriores, como escolher problemas, e que tipo de dificuldades podem surgir na organização de um círculo. A obra também inclui uma seleção de problemas aplicados em uma competição chamada Labirinto Matemático, uma história baseada em aulas reais com alunos de matemática e um adendo sobre o Círculo Matemático de San Jose, que funciona no estilo russo.
650 #4 - ASSUNTO--TERMO TÓPICO
Cabeçalho tópico ou nome geográfico Matemática
942 ## - ELEMENTOS DE ENTRADA ADICIONADOS (KOHA)
Tipo de material Koha Livros
Holdings
Situação do descarte Situação das perdas Situação física Não pode ser emprestado Biblioteca de origem Biblioteca atual Data de aquisição Total de empréstimos Número de chamada completo Código de barras Data de último acesso Data do preço efetivo Tipo de material Koha
        Canadian School of Niterói - Piratininga Canadian School of Niterói - Piratininga 09/02/2024   DOR A19344 09/02/2024 09/02/2024 Livros
        Canadian School of Niterói - Piratininga Canadian School of Niterói - Piratininga 09/02/2024   DOR A19345 09/02/2024 09/02/2024 Livros